Whatis this #3 - Statistics

General Stats
  • This quiz has been taken 20 times
  • The average score is 11 of 15
Answer Stats
Picture Answer % Correct
Tennis
100%
Castle
93%
Passport
93%
Taxi
93%
Pug
87%
Ice cube
80%
Llama
80%
Pegasus
80%
Cigar
73%
Ruler
73%
Bar code
60%
Knights
60%
Throne
53%
Parsnip
47%
Bonobo
20%
No matching quizzes found
Score Distribution
Percent of People with Each Score
Percentile by Number Answered
Your Score History
You have not taken this quiz